000 00546nam a2200181Ia 4500
003 GCL
008 140319s9999 xx 000 0 ara d
040 _aGCL /
_cGCL
082 0 4 _aط
_b813.2
_bا ح
100 1 _aاحمد نجيب
245 1 0 _aمغامرات عربى فى الدنيا الجديدة /
_cاحمد نجيب
260 _a[S.N] :
_bدار المعارف ،
_c1987
490 _aحكايات ابو الافكار
_v0
650 0 4 _aالاطفال
650 0 4 _aالقصص
650 0 4 _aقصص الاطفال
942 _2ddc
_cBK
999 _c56983
_d56983